E-marketing: zaujmi, prodej a neboj se

Bohaté a kreatívne využitie prostriedkov komunikačného mixu pomocou internetu. Aktuálne trendy v e-marketingu. Reklama vo vyhľadávačoch. Budovanie a posilnenie značky na internete. On-line marketingový prieskum slúžiaci k hlbšiemu poznaniu návštevníkov stránok. Aktívne zapojenie zákazníka. Interneto...

ver descrição completa

Na minha lista:
Detalhes bibliográficos
Autor principal: Bohuněk, Bohuslav
Formato: Capítulo de Livro
Idioma:tcheco
Assuntos:
Tags: Adicionar Tag
Sem tags, seja o primeiro a adicionar uma tag!

MARC

LEADER 00000naa$a2200000$$$4500
001 0053146
005 20231016105843.3
041 0 |a cze 
044 |a CZ 
245 1 0 |a E-marketing: zaujmi, prodej a neboj se  |c Bohuslav Bohuněk 
520 |a Bohaté a kreatívne využitie prostriedkov komunikačného mixu pomocou internetu. Aktuálne trendy v e-marketingu. Reklama vo vyhľadávačoch. Budovanie a posilnenie značky na internete. On-line marketingový prieskum slúžiaci k hlbšiemu poznaniu návštevníkov stránok. Aktívne zapojenie zákazníka. Internetová reklama zacielená na skupinu mladých. Spoločnosti, ktoré využívajú e-marketing v najväčšej miere. Cieľ e-marketingu: osloviť, zaujať a "zanechať". 
610 2 0 |a marketing 
610 2 0 |a komunikácia marketingová 
610 2 0 |a marketing mix 
610 2 0 |a obchod elektronický 
610 2 0 |a reklama 
610 2 0 |a technológie informačné 
610 2 0 |a technológie komunikačné 
610 2 0 |a zákazníci 
610 2 0 |a internet 
100 1 |a Bohuněk, Bohuslav